Szczegóły MARC21

Aion : przyczynki do symboliki Jaźni /

003 -Nazwa inst., której nr kontr. jest w polu 001 [,]
    • @
    • Nazwa instytucji, której n kontrolny jest w polu 001
    • NUKAT
005 -DATA I CZAS OSTATNIEJ MODYFIKACJI [,]
    • @
    • pole kontrolne
    • 20241231100616.0
020 -Międzynarod. znormalizowany nr książki - ISBN [ , ]
    • a
    • Numer ISBN
    • 8390017563 Find
    • q
    • Dopowiedzenie
    • t. 1
020 -Międzynarod. znormalizowany nr książki - ISBN [ , ]
    • a
    • Numer ISBN
    • 8390017555 Find
    • q
    • Dopowiedzenie
    • t. 1-7
040 -Instytucja sporządzająca opis [ , ]
    • a
    • Instytucja, która sporządziła opis (NP)
    • KR U/68MS
    • c
    • Instytucja, która sporządziła rekord (NP)
    • KR U/68MS
    • d
    • Instytucja, która zmodyfikowała rekord (P)
    • KR U/68MSs
    • d
    • Instytucja, która zmodyfikowała rekord (P)
    • WA 004/ZW
041 -Język dokumentu [1, ]
    • a
    • Język tekstu (P)
    • polski
    • h
    • Język tekstu oryginalnego i/lub pośredniego (P)
    • niemiecki
942 -Rodzaj dokumentu [ , ]
    • c
    • Rodzaj dokumentu
    • Książka
100 -Hasło główne - nazwa osobowa [1, ]
    • a
    • Nazwa osobowa (NP)
    • Jung, Carl Gustav
    • d
    • Daty biograficzne (NP)
    • (1875-1961).
    • 9
    • KHW
    • 8357
240 -Tytuł ujednolicony [1,0]
    • a
    • Tytuł ujednolicony
    • Aion
    • l
    • Język tekstu
    • (pol.)
    • 9
    • KHW
    • 567995
245 -Strefa tytułu i oznaczenia odpowiedzialności [1,0]
    • a
    • Tytuł
    • Aion : Find
    • b
    • Ciąg dalszy tytułu (NP)
    • przyczynki do symboliki Jaźni / Find
    • c
    • Pozostałe elementy strefy tytułu i oznaczenia odpowiedzialności (NP)
    • Carl Gustav Jung ; przeł. Robert Reszke.
260 -Strefa adresu wydawniczego [ , ]
    • a
    • Miejsce wydania (P)
    • Warszawa :
    • b
    • Nazwa wydawcy (P)
    • Wrota,
    • c
    • Data wydania (P)
    • 1997.
300 -Strefa opisu fizycznego [ , ]
    • a
    • Określenie formy książki i/lub objętość (NP)
    • 365, [2] s. :
    • b
    • Oznaczenie ilustracji (NP)
    • il. ;
    • c
    • Format (NP)
    • 22 cm.
336 -Typ zawartości [ , ]
    • a
    • Termin opisujący typ zawartości
    • Tekst
    • b
    • Kod określający zawartość
    • txt
    • 2
    • Źródło (terminu i kodu)
    • rdacontent
337 -Typ mediów [ , ]
    • a
    • Tryb odtwarzania
    • Bez urządzenia pośredniczącego
    • b
    • Kod typu mediów
    • n
    • 2
    • Źródło (terminu i kodu)
    • rdamedia
338 -Typ/rodzaj nośnika [ , ]
    • a
    • Hasło opisujące typ nośnika
    • Wolumin
    • b
    • Kod typu nośnika
    • nc
    • 2
    • Źródło (terminu i kodu)
    • rdacarrier
490 -Strefa serii i książki wielotomowej - forma nie do wyszukiwania [1, ]
    • a
    • Tytuł (P)
    • Dzieła / Carl Gustav Jung ; Find
    • v
    • Numeracja (P)
    • 1
500 -Uwaga ogólna [ , ]
    • a
    • Uwaga ogólna (NP)
    • Podst. przekł.: Carl Gustav Jung: Aion. Beiträge zur Symbolik des Selbst. W: Gesammelte Werke. T. 9/1.
504 -Uwaga dot. bibliogr. załącznikowej [ , ]
    • a
    • Uwaga dot. bibliografii załącznikowej
    • Bibliogr. s. 307-330. Indeks.
504 -Uwaga dot. bibliogr. załącznikowej [ , ]
    • a
    • Uwaga dot. bibliografii załącznikowej
    • "Gesammelte Werke (Dzieła zebrane) Carla Gustava Junga w języku oryginału i w przekładach na język polski" s. [337]-353.
080 -Uniwersalna Klasyfikacja Dziesiętna [ , ]
    • a
    • Symbol klasyfikacji
    • 159.964
    • 9
    • UKD
    • 2458
    • 2
    • Identyfikator wydania tablic
    • UDC-P058
    • b
    • Dopowiedzenie
    • Psychologia głębi.
080 -Uniwersalna Klasyfikacja Dziesiętna [ , ]
    • a
    • Symbol klasyfikacji
    • :141.4
650 -Hasło przedmiotowe [ ,7]
    • a
    • Hasło przedmiotowe
    • Eon (filozofia).
    • 2
    • Źródło terminu
    • kaba
    • 9
    • KHW
    • 107800
650 -Hasło przedmiotowe [ ,7]
    • a
    • Hasło przedmiotowe
    • Ja (psychologia).
    • 2
    • Źródło terminu
    • kaba
    • 9
    • KHW
    • 112560
650 -Hasło przedmiotowe [ ,7]
    • a
    • Hasło przedmiotowe
    • Filozofia i religia.
    • 2
    • Źródło terminu
    • kaba
    • 9
    • KHW
    • 108750
980 -Symbol UKD [ , ]
    • a
    • UKD
    • 159.964:141.4
700 -Hasło dodatkowe - nazwa osobowa [1, ]
    • a
    • Nazwa osobowa (NP)
    • Reszke, Robert Find
    • d
    • Daty biograficzne (NP)
    • (1964-2012).
    • e
    • Określenie rodzaju współpracy
    • Tł.
    • 9
    • KHW
    • 46273
700 -Hasło dodatkowe - nazwa osobowa [1, ]
    • a
    • Nazwa osobowa (NP)
    • Kolankiewicz, Leszek Find
    • d
    • Daty biograficzne (NP)
    • (1954- ).
    • e
    • Określenie rodzaju współpracy
    • Oprac.
    • 9
    • KHW
    • 42223
800 -Hasło dodatkowe opisu książki wielotomowej - nazwa osobowa [1, ]
    • a
    • Nazwa osobowa (NP)
    • Jung, Carl Gustav
    • d
    • Daty biograficzne (NP)
    • (1875-1961).
    • t
    • Tytuł ujednolicony/tytuł (NP)
    • Dzieła
    • v
    • Oznaczenie tomu (NP)
    • 1
    • 9
    • KHW
    • 46272
920 -ISBN [ , ]
    • a
    • ISBN
    • 83-900175-6-3 Find
    • q
    • Dopowiedzenie
    • t. 1
920 -ISBN [ , ]
    • a
    • ISBN
    • 83-900175-5-5 Find
    • q
    • Dopowiedzenie
    • t. 1-7
Numer inwentarzowy Status udost. Data inwentaryzacji Lokalizacja
Pd.1157911998-10-07BG
F.2872411999-01-21BNS